000 00285nam a22001337a 4500
008 181106b xxu||||| |||| 00| 0 eng d
020 _a9780495112587
041 _aeng
080 _a541
100 _a12
101 _aKIM
245 _aOrganic Chemistry
_cJohn,M
942 _2udc
_cBK
999 _c52052
_d52052